000 00300nam a2200145Ia 4500
100 _aKarunakaran/V
942 _cBK
654 _acomplex analysis
245 _aComplex Analysis
260 _bNarosa
_aNew Delhi
_c2003
082 _a515.7
_bKAR
300 _a408
546 _aENGLISH
999 _c26090
_d26090